Participantes do Big Brother Brasil 26 - Statistics

Estatísticas Gerais
  • Esse quiz foi jogado 55 vezes
  • A pontuação média é 21 de 24
Estatísticas das Respostas
Grupo Participante % Correto
Veteranos Alberto Baptista
100%
Veteranos Ana Paula Renault
100%
Veteranos Jonas Sulzbach
100%
Camarote Juliano Floss
100%
Pipoca Milena Moreira
100%
Veteranos Babu Santana
97%
Pipoca Leandro Rocha
95%
Veteranos Solange Maria
95%
Pipoca Gabriela Saporito
92%
Pipoca Jordana Morais
92%
Camarote Solange Couto
92%
Camarote Edilson Ferreira
89%
Pipoca Marciele Albuquerque
86%
Pipoca Maxiane Rodrigues
86%
Pipoca Samira Sagr
86%
Camarote Aline Campos
84%
Pipoca Breno Corã
84%
Pipoca Chaiany Andrade
84%
Camarote Henri Castelli
84%
Pipoca Paulo Augusto Carvalhaes
81%
Veteranos Sarah Andrade
81%
Pipoca Matheus Moreira
78%
Pipoca Brigido Nogueira
70%
Pipoca Marcelo Araujo
68%
Nenhum quiz correspondente encontrado
Distribuição das Pontuações
Porcentagem de Pessoas com Cada Pontuação
Percentil de Números Respondidos
Sua Pontuação Histórica
Você não jogou esse quiz